00688nam a2200157 a 4500003000400000005001700004008003900021016001800060040001400078100002300092245023200115260008300347300002600430650004000456710003400496OSt20211227122303.0A00321s1972 sp 000 spa aDL M9662-1972 bcatcCDMR aSuárez, Fernando10aLa prensa y el contraste de pareceres: Conferencia en el XXV curso, organizado por la Escuela Oficial de Periodismo de Madrid, en la Universidad Internacional Menéndez Pelayo de Santander, julio 1971 / cpor Fernando Suárez aMadrid : bPublicaciones de la Secretaría de la Escuela de Periodismo,c1972 a18 pàginesc; 22 cm00aLlibertat d'impremtazEspanyay19712 aEscuela Oficial de Periodismo